000 02024cam a2200541 a 4500
001 21629
003 VRT
005 20260306152437.0
008 240226s1984 xo a jr 000 j slo
015 _aSNBA1984/11
020 _q(viazané)
035 _aSNK000062869
035 _a0B90B08F-BD87-41EE-8A46-2D0704D32871
035 _aurn:nbn:sk:snk-am00ifrj
039 9 _a202402261814
_bVLOAD
_c202305011824
_dVLOAD
_c202304281425
_dVLOAD
_c202304240827
_dmsnk115
040 _aSNK
_bslo
_cSNK
_eAACR2
041 1 _aslo
_hfin
044 _axo
_cSK
072 7 _a821.511.1
_xUgrofínske literatúry
_2konspekt
072 7 _a821-93
_xLiteratúra pre deti a mládež (beletria)
_2konspekt
080 _a821.511.111-34
_22011
080 _a82-93-053.4/.5
_22011
080 _a82-34:808.1
_22011
100 1 _aMikkola, Marja-Leena,
_d1939-
_4aut
240 1 0 _aAnni Manninen
_lSlovensky
245 1 0 _aDievčatko Anni
_cMarja-Leena Mikkola ; [z fínskeho originálu Anni Manninen ... preložil Peter Kerlik ; ilustrovala Eva Bednářová]
250 _a1. vyd.
260 _aBratislava
_bMladé letá
_c1984
_eKošice
_fVýchodoslovenské tlačiarne
300 _a142 strán
_bfarebné ilustrácie
_c21 cm
366 _e12000 výtl.
490 1 _aKlub mladých čitateľov
500 _aIlustrácia na frontispice
521 1 _aPre čitateľov od 9 rokov
655 7 _afínske rozprávky
_2SNKPH
655 7 _aliteratúra pre deti a mládež
_2SNKPH
655 7 _aautorské rozprávky
_2SNKPH
700 1 _aKerlik, Peter,
_d1946-2016
_4trl
700 1 _aBednářová, Eva,
_d1937-1986
_4ill
830 0 _aKlub mladých čitateľov
910 _asnk
942 _2ddc
_cKLDE
_n0
949 _6270001000419794
_asvkbbA 42086
_bsvkbbm 446522
949 _63870A05281
_abinZ M126
_bbin05281
949 _617A0304973
_9P60, <05>, [BOOK], {605}
_asnkSC 61218 D1
949 _617A0915090
_asnkSC 61218
_bsnkKSP 5501/84
_s6100:20220805
949 _64710706677
_astrmkM
_bstrmk2008/6677
999 _c21629
_d21629